000 01205nam a2200253Ia 4500
999 _c35376
_d35376
001 1229
003 GE_BSU
005 20250324145502.0
008 181216s2002||||ge |||||||||||||| ||geo||
040 _cGE_BSU
041 _ageo
080 _a630(075.8) ბ-37
100 _aბახსოლიანი, ტარიელ.
_924653
245 _aსაქართველოს წიფლნარები /
_cტარიელ ბახსოლიანი, რედ. გიგაური გიორგი.
264 _aთბილისი:
_bსამთო მეტყევეობის ინსტიტუტი,
_c2002.
300 _a280 გვ.:
_b19 სმ.
504 _aბიბლიოგრ.: გვ. 255-278.
520 _aრეზ. რუს. და ინგლ. ენ.
653 _aსაქართველოს წიფლნარები.
653 _aწიფლნარი ტყეები საქართველოში.
700 _aგიგაური, გიორგი
_95991
710 _a საქ. მეცნ. აკად. სამთო მეტყევეობის ინ-ტი.
_924654
942 _cBK
_2udc